[Event "Budapest Sarkany GM 5th"]
[Site "Budapest"]
[Date "2014.08.21"]
[Round "6"]
[White "Izso, Daniel"]
[Black "Zhou, Yang Fan"]
[Result "0-1"]
[WhiteElo "2370"]
[BlackElo "2475"]
[PlyCount "78"]
[EventDate "2014.08.16"]
[EventType "tourn"]
[EventRounds "9"]
[EventCountry "HUN"]
[EventCategory "8"]
[SourceTitle "CBM 161 Extra"]
[Source "ChessBase"]
[SourceDate "2014.08.29"]
[SourceVersion "1"]
[SourceVersionDate "2014.08.29"]
[SourceQuality "1"]

1. e4 c5 2. Nf3 d6 3. d4 Nf6 4. Nc3 cxd4 5. Nxd4 g6 6. Be3 a6 7. f3 b5 8. Qd2 Bb7 9. 0-0-0 Nbd7 10. g4 h6 11. h4 b4 12. Nce2 e5 13. Nb3 a5 14. Kb1 d5 15. g5 hxg5 16. Bxg5 a4 17. Nbc1 Qb6 18. Bh3 d4 19. Ng3 Bd6 20. h5 Nxh5 21. Nxh5 Rxh5 22. Bxd7+ Kxd7 23. Rxh5 gxh5 24. Rh1 Ba6 25. Rxh5 Bc4 26. b3 axb3 27. cxb3 Be6 28. f4 Qc6 29. Qc2 exf4 30. Qxc6+ Kxc6 31. Bf6 f3 32. Bxd4 Rg8 33. Rh1 Bc5 34. Bxc5 Kxc5 35. Kc2 Kd4 36. Rd1+ Kxe4 37. Re1+ Kd5 38. Nd3 Kd4 39. Nf4 f2 0-1

[Event "Budapest Sarkany GM 5th"]
[Site "Budapest"]
[Date "2014.08.19"]
[Round "4"]
[White "Izso, Daniel"]
[Black "Mihok, Oliver"]
[Result "1/2-1/2"]
[WhiteElo "2370"]
[BlackElo "2455"]
[PlyCount "76"]
[EventDate "2014.08.16"]
[EventType "tourn"]
[EventRounds "9"]
[EventCountry "HUN"]
[EventCategory "8"]
[SourceTitle "CBM 161 Extra"]
[Source "ChessBase"]
[SourceDate "2014.08.29"]
[SourceVersion "1"]
[SourceVersionDate "2014.08.29"]
[SourceQuality "1"]

1. e4 c5 2. Nf3 Nc6 3. d4 cxd4 4. Nxd4 Qb6 5. Nb3 Nf6 6. Nc3 e6 7. Bd3 a6 8. 0-0 d6 9. Kh1 Be7 10. f4 Qc7 11. Qf3 0-0 12. Bd2 b5 13. a3 Bb7 14. Qh3 b4 15. Ne2 bxa3 16. Rxa3 e5 17. Ra4 exf4 18. Bxf4 Ne5 19. Nc3 Rfe8 20. Nd4 g6 21. Bg5 Nfg4 22. Qh4 Qd8 23. Bxe7 Qxe7 24. Qxe7 Rxe7 25. h3 Nxd3 26. cxd3 Ne5 27. Rd1 Rc8 28. Rb4 Rd7 29. Nf3 f5 30. Kg1 Rf8 31. Nd4 fxe4 32. dxe4 Re8 33. Nd5 Kg7 34. Nf3 Nf7 35. Kf2 Rc8 36. Ke3 Re8 37. Kf2 Rc8 38. Ke3 Re8 1/2-1/2

[Event "HUN-chT2 Maroczy 1314"]
[Site "Hungary"]
[Date "2014.02.16"]
[Round "7"]
[White "Paschall, William M"]
[Black "Izso, Daniel"]
[Result "1/2-1/2"]
[WhiteElo "2394"]
[BlackElo "2355"]
[PlyCount "55"]
[EventDate "2013.09.08"]
[EventType "team-tourn"]
[EventRounds "11"]
[EventCountry "HUN"]
[SourceTitle "EXT 2016"]
[Source "ChessBase"]
[SourceDate "2015.10.08"]
[SourceVersion "1"]
[SourceVersionDate "2015.10.08"]
[SourceQuality "1"]
[WhiteTeam "Lila Futo"]
[BlackTeam "Budapest MLTC II"]
[WhiteTeamCountry "HUN"]
[BlackTeamCountry "HUN"]

1. c4 Nf6 2. Nc3 e6 3. e4 d5 4. e5 d4 5. exf6 dxc3 6. bxc3 Qxf6 7. Nf3 b6 8. d4 Bb7 9. Bd3 Bxf3 10. Qxf3 Qxf3 11. gxf3 Nd7 12. Be4 0-0-0 13. Rg1 c5 14. Be3 g6 15. f4 Bd6 16. Ke2 Kc7 17. a4 a5 18. Rab1 h5 19. Rg5 Be7 20. Rgg1 Rc8 21. Rb5 Rhd8 22. Rgb1 Rb8 23. Bf3 Bd6 24. h3 Rdc8 25. Rd1 Rd8 26. Rdb1 Rdc8 27. Rd1 Rd8 28. Rdb1 1/2-1/2

[Event "HUN-chT2 Maroczy 1314"]
[Site "Hungary"]
[Date "2014.02.02"]
[Round "6"]
[White "Izso, Daniel"]
[Black "Farkas, Tibor"]
[Result "1/2-1/2"]
[WhiteElo "2355"]
[BlackElo "2255"]
[PlyCount "58"]
[EventDate "2013.09.08"]
[EventType "team-tourn"]
[EventRounds "11"]
[EventCountry "HUN"]
[SourceTitle "EXT 2016"]
[Source "ChessBase"]
[SourceDate "2015.10.08"]
[SourceVersion "1"]
[SourceVersionDate "2015.10.08"]
[SourceQuality "1"]
[WhiteTeam "Budapest MLTC II"]
[BlackTeam "Mako II"]
[WhiteTeamCountry "HUN"]
[BlackTeamCountry "HUN"]

1. e4 c5 2. Nf3 Nc6 3. d4 cxd4 4. Nxd4 g6 5. c4 Nf6 6. Nc3 d6 7. f3 Nxd4 8. Qxd4 Bg7 9. Be3 0-0 10. Qd2 a5 11. Na4 Nd7 12. Be2 Qc7 13. Rc1 Nc5 14. Nc3 a4 15. 0-0 Qa5 16. Rfd1 Be6 17. Nb5 Qxd2 18. Rxd2 Rfc8 19. Bd1 Na6 20. b3 axb3 21. axb3 Nb4 22. g3 Na2 23. Rcc2 Nb4 24. Rc1 Na2 25. Rb1 Nc3 26. Nxc3 Bxc3 27. Rc2 Bb4 28. g4 Ra5 29. Be2 Rca8 1/2-1/2

[Event "HUN-chT2 Maroczy 1314"]
[Site "Hungary"]
[Date "2013.08.22"]
[Round "2"]
[White "Izso, Daniel"]
[Black "Boguszlavszkij, Jevgenyij"]
[Result "1-0"]
[WhiteElo "2355"]
[BlackElo "2231"]
[PlyCount "47"]
[EventDate "2013.09.08"]
[EventType "team-tourn"]
[EventRounds "11"]
[EventCountry "HUN"]
[SourceTitle "EXT 2016"]
[Source "ChessBase"]
[SourceDate "2015.10.08"]
[SourceVersion "1"]
[SourceVersionDate "2015.10.08"]
[SourceQuality "1"]
[WhiteTeam "Budapest MLTC II"]
[BlackTeam "Budapest Vasas"]
[WhiteTeamCountry "HUN"]
[BlackTeamCountry "HUN"]

1. e4 d5 2. exd5 Nf6 3. d4 Bg4 4. f3 Bf5 5. Bb5+ Nbd7 6. c4 a6 7. Ba4 b5 8. cxb5 Nxd5 9. Ne2 e6 10. 0-0 Bd6 11. Nbc3 0-0 12. Nxd5 exd5 13. Bf4 Nb6 14. Bxd6 Qxd6 15. bxa6 Nc4 16. Qc1 Qxa6 17. Bb3 Bd3 18. Re1 Bxe2 19. Rxe2 Na5 20. Re3 Qb6 21. Qc5 Qh6 22. Rae1 Nxb3 23. axb3 Ra1 24. Qxf8+ 1-0

[Event "HUN-chT2 Charousek 1213"]
[Site "Hungary"]
[Date "2013.03.24"]
[Round "9"]
[White "Izso, Daniel"]
[Black "Sax, Gyula"]
[Result "0-1"]
[WhiteElo "2322"]
[BlackElo "2451"]
[PlyCount "80"]
[EventDate "2012.09.16"]
[EventType "team-tourn"]
[EventRounds "11"]
[EventCountry "HUN"]
[SourceTitle "EXT 2014"]
[Source "ChessBase"]
[SourceDate "2013.11.20"]
[SourceVersion "1"]
[SourceVersionDate "2013.11.20"]
[SourceQuality "1"]
[WhiteTeam "MLTC II"]
[BlackTeam "Csuti"]
[WhiteTeamCountry "HUN"]
[BlackTeamCountry "HUN"]

1. e4 c5 2. Nf3 Nc6 3. d4 cxd4 4. Nxd4 Qb6 5. Nb3 Nf6 6. Nc3 e6 7. Bd3 d6 8. Be3 Qc7 9. f4 a6 10. 0-0 b5 11. Qf3 Bb7 12. a3 g6 13. Qh3 Bg7 14. f5 Qe7 15. Nd4 Nxd4 16. Bxd4 gxf5 17. exf5 e5 18. Rae1 0-0-0 19. Bb6 Rd7 20. b4 Rg8 21. Rf2 Kb8 22. a4 Rc8 23. Ne4 Nxe4 24. Bxe4 Bxe4 25. Rxe4 d5 26. Rg4 Qf6 27. Bc5 Bf8 28. Bxf8 Rxf8 29. axb5 axb5 30. Qxh7 e4 31. Qg7 Qxg7 32. Rxg7 e3 33. Re2 d4 34. Rg3 Rc8 35. Kf1 Ra7 36. h4 Ra2 37. c3 Ra1+ 38. Re1 Rxe1+ 39. Kxe1 dxc3 40. Kd1 e2+ 0-1

[Event "Korbach 1st"]
[Site "Korbach"]
[Date "2012.12.14"]
[Round "9"]
[White "Pap, Misa"]
[Black "Izso, Daniel"]
[Result "1/2-1/2"]
[WhiteElo "2521"]
[BlackElo "2331"]
[PlyCount "82"]
[EventDate "2012.12.10"]
[EventType "tourn"]
[EventRounds "11"]
[EventCountry "GER"]
[EventCategory "6"]
[SourceTitle "EXT 2014"]
[Source "ChessBase"]
[SourceDate "2013.11.20"]
[SourceVersion "1"]
[SourceVersionDate "2013.11.20"]
[SourceQuality "1"]

1. e4 c5 2. Nf3 Nc6 3. c3 Nf6 4. e5 Nd5 5. d4 cxd4 6. cxd4 d6 7. Bc4 Nb6 8. Bb5 dxe5 9. Nxe5 Bd7 10. Nxd7 Qxd7 11. 0-0 e6 12. Nc3 Be7 13. Qg4 0-0 14. Bxc6 bxc6 15. Bh6 Bf6 16. Rfd1 Kh8 17. Ne4 Qe7 18. Bf4 Rfd8 19. Be5 Bxe5 20. dxe5 Rd5 21. f4 Rad8 22. Re1 h6 23. a3 c5 24. Rab1 c4 25. Nd6 Rd4 26. Qf3 g6 27. Red1 Rxd1+ 28. Rxd1 Rd7 29. h3 Kh7 30. Kh2 Rc7 31. Ne4 Kg7 32. Nd6 Rc5 33. Rc1 Rd5 34. Qf2 Qd7 35. b3 cxb3 36. Qb2 Qa4 37. Qf2 b2 38. Rb1 Nc4 39. Nxc4 Qxc4 40. Rxb2 Qd4 41. Qxd4 Rxd4 1/2-1/2

[Event "Korbach 1st"]
[Site "Korbach"]
[Date "2012.12.11"]
[Round "2"]
[White "Izso, Daniel"]
[Black "Poetsch, Hagen"]
[Result "1-0"]
[WhiteElo "2331"]
[BlackElo "2458"]
[PlyCount "55"]
[EventDate "2012.12.10"]
[EventType "tourn"]
[EventRounds "11"]
[EventCountry "GER"]
[EventCategory "6"]
[SourceTitle "EXT 2014"]
[Source "ChessBase"]
[SourceDate "2013.11.20"]
[SourceVersion "1"]
[SourceVersionDate "2013.11.20"]
[SourceQuality "1"]

1. e4 e6 2. d4 d5 3. Nc3 Nf6 4. e5 Nfd7 5. f4 c5 6. Nf3 Nc6 7. Be3 a6 8. Qd2 Qb6 9. 0-0-0 Qa5 10. dxc5 Nxc5 11. Kb1 b5 12. Bd3 Nb4 13. Nd4 Bd7 14. Rhf1 Na4 15. Nxa4 Qxa4 16. a3 Nxd3 17. Qxd3 b4 18. b3 Qxa3 19. f5 Be7 20. fxe6 fxe6 21. Qe2 g6 22. Qg4 0-0-0 23. Nc6 Bxc6 24. Qxe6+ Bd7 25. Qxe7 Qa5 26. e6 Bc6 27. Rf7 Rde8 28. Qa7 1-0

[Event "Balaton IM 30th"]
[Site "Heviz"]
[Date "2012.09.26"]
[Round "4"]
[White "Habibi, Ali"]
[Black "Izso, Daniel"]
[Result "0-1"]
[WhiteElo "2298"]
[BlackElo "2322"]
[PlyCount "82"]
[EventDate "2012.09.23"]
[EventType "tourn"]
[EventRounds "9"]
[EventCountry "HUN"]
[EventCategory "1"]
[SourceTitle "CBM 150 Extra"]
[Source "ChessBase"]
[SourceDate "2012.10.19"]
[SourceVersion "1"]
[SourceVersionDate "2012.10.19"]
[SourceQuality "1"]

1. g3 d5 2. Bg2 Nf6 3. c4 e6 4. Nf3 dxc4 5. Qa4+ Nbd7 6. 0-0 a6 7. Qxc4 c5 8. a4 b5 9. Qc2 Bb7 10. d3 Be7 11. Nc3 b4 12. Nb1 0-0 13. Nbd2 Rc8 14. b3 Nd5 15. Ne4 N7f6 16. Bb2 Nxe4 17. dxe4 Nb6 18. a5 Nd7 19. Rfd1 Qc7 20. Nd2 Bf6 21. Bxf6 Nxf6 22. Nc4 Rcd8 23. f3 Bc6 24. Nb6 Nd7 25. Nxd7 Bxd7 26. Rdc1 Rc8 27. f4 Bb5 28. e5 Qa7 29. Kh1 c4 30. bxc4 Rxc4 31. Qb2 Rfc8 32. Rxc4 Rxc4 33. Rd1 Qc7 34. Qd2 g6 35. Bf3 Qxa5 36. f5 exf5 37. Qg5 Rd4 38. Rb1 Bc4 39. Qf6 Be6 40. h4 b3 41. e3 Rd2 0-1

[Event "Balaton IM 30th"]
[Site "Heviz"]
[Date "2012.09.23"]
[Round "1"]
[White "Izso, Daniel"]
[Black "Kantorik, Marian"]
[Result "1-0"]
[WhiteElo "2322"]
[BlackElo "2321"]
[PlyCount "137"]
[EventDate "2012.09.23"]
[EventType "tourn"]
[EventRounds "9"]
[EventCountry "HUN"]
[EventCategory "1"]
[SourceTitle "CBM 150 Extra"]
[Source "ChessBase"]
[SourceDate "2012.10.19"]
[SourceVersion "1"]
[SourceVersionDate "2012.10.19"]
[SourceQuality "1"]

1. e4 e5 2. Nf3 Nc6 3. d4 exd4 4. Nxd4 Nf6 5. Nxc6 bxc6 6. e5 Qe7 7. Qe2 Nd5 8. c4 Nb6 9. Nc3 Bb7 10. Bd2 0-0-0 11. 0-0-0 g6 12. f4 Bg7 13. Qf2 Kb8 14. Bd3 f6 15. exf6 Qxf6 16. Be3 Qf7 17. c5 Nd5 18. Nxd5 cxd5 19. c6 d4 20. Bxd4 Bxd4 21. Qxd4 dxc6 22. Qa4 Rd5 23. g3 Rhd8 24. Bc2 Qe6 25. Rde1 Qd6 26. Re2 Rd4 27. Qb3 c5 28. Rhe1 c4 29. Qc3 Bc8 30. Re8 c5 31. Rxd8 Qxd8 32. Qe3 Rd5 33. Be4 Rd4 34. Bc2 Rd5 35. a3 Qd7 36. Qe7 c3 37. bxc3 Qb5 38. Rd1 Rxd1+ 39. Bxd1 Bf5 40. Qd8+ Kb7 41. Bf3+ Ka6 42. Qd6+ Ka5 43. Qc7+ Qb6 44. Qxb6+ axb6 45. c4 b5 46. cxb5 Kxb5 47. Be2+ Ka4 48. Kb2 Be6 49. Bd1+ Kb5 50. Kc3 Kc6 51. Bb3 Bh3 52. Bf7 Bf5 53. Kc4 Bh3 54. a4 Bf1+ 55. Kc3 Bh3 56. Be8+ Kd5 57. a5 Bf1 58. Bf7+ Kd6 59. Bc4 Bg2 60. Kd2 h6 61. h4 Bc6 62. Bf7 Be4 63. Ke3 Bf5 64. h5 gxh5 65. Bxh5 Bd7 66. Bf3 Bb5 67. Be2 c4 68. Kd4 c3 69. Bd1 1-0

[Event "Oberwart op-A 34th"]
[Site "Oberwart"]
[Date "2012.07.14"]
[Round "8"]
[White "Izso, Daniel"]
[Black "Bachofner, Andreas"]
[Result "1-0"]
[WhiteElo "2331"]
[BlackElo "2219"]
[PlyCount "97"]
[EventDate "2012.07.07"]
[EventType "swiss"]
[EventRounds "9"]
[EventCountry "AUT"]
[SourceTitle "CBM 149 Extra"]
[Source "ChessBase"]
[SourceDate "2012.08.24"]
[SourceVersion "1"]
[SourceVersionDate "2012.08.24"]
[SourceQuality "1"]

1. e4 d5 2. exd5 Qxd5 3. Nc3 Qa5 4. d4 Nf6 5. Nf3 c6 6. Bc4 Bf5 7. Bd2 e6 8. Qe2 Bb4 9. 0-0 Nbd7 10. a3 Bxc3 11. Bxc3 Qc7 12. Rac1 0-0-0 13. b4 h5 14. Bb2 Bg4 15. h3 Qf4 16. Qe3 Qxe3 17. fxe3 Bf5 18. Ng5 Bg6 19. Bd3 Rhg8 20. Rf3 Rde8 21. Bxg6 fxg6 22. e4 e5 23. Nf7 Re7 24. dxe5 Rxf7 25. exf6 gxf6 26. e5 Re8 27. exf6 Re2 28. Bc3 Re4 29. Rcf1 Kc7 30. Rf4 Rxf4 31. Rxf4 Nb6 32. Rf3 Nd5 33. Bd4 Kd7 34. g4 hxg4 35. hxg4 g5 36. Rf5 Nf4 37. Be3 Ne6 38. Bxa7 b5 39. Be3 Kd6 40. Kg2 Rf8 41. Kg3 Rf7 42. Bxg5 Nxg5 43. Rxg5 Rxf6 44. Rf5 Re6 45. g5 Re1 46. Kg4 Rg1+ 47. Kh5 Rh1+ 48. Kg6 Rh2 49. Rc5 1-0

[Event "Oberwart op-A 34th"]
[Site "Oberwart"]
[Date "2012.07.09"]
[Round "3"]
[White "Izso, Daniel"]
[Black "Varga, Melinda"]
[Result "0-1"]
[WhiteElo "2331"]
[BlackElo "2222"]
[PlyCount "60"]
[EventDate "2012.07.07"]
[EventType "swiss"]
[EventRounds "9"]
[EventCountry "AUT"]
[SourceTitle "CBM 149 Extra"]
[Source "ChessBase"]
[SourceDate "2012.08.24"]
[SourceVersion "1"]
[SourceVersionDate "2012.08.24"]
[SourceQuality "1"]

1. e4 c6 2. d4 d5 3. e5 Bf5 4. Nc3 Qb6 5. Nf3 e6 6. Be2 Bg4 7. 0-0 Ne7 8. Na4 Qc7 9. b3 Nd7 10. c4 Nb6 11. Nb2 Nf5 12. c5 Nd7 13. b4 a5 14. bxa5 Qxa5 15. Be3 Be7 16. Qb3 0-0 17. h3 Bxf3 18. Bxf3 b6 19. cxb6 Rfb8 20. Nd3 Nxe3 21. fxe3 Qd2 22. Nc5 Bxc5 23. dxc5 Nxc5 24. Qb1 Qxe3+ 25. Kh1 Nd3 26. Qc2 Rxb6 27. Bh5 g6 28. Rf3 Qxe5 29. Raf1 Ne1 30. Qf2 Nxf3 0-1

[Event "HUN-chT2 Charousek 1112"]
[Site "Hungary"]
[Date "2012.01.29"]
[Round "5"]
[White "Izso, Daniel"]
[Black "Rachela, Milan"]
[Result "1-0"]
[WhiteElo "2324"]
[BlackElo "2375"]
[PlyCount "63"]
[EventDate "2011.09.25"]
[EventType "team-tourn"]
[EventRounds "11"]
[EventCountry "HUN"]
[SourceTitle "EXT 2013"]
[Source "ChessBase"]
[SourceDate "2012.11.22"]
[SourceVersion "1"]
[SourceVersionDate "2012.11.22"]
[SourceQuality "1"]
[WhiteTeam "MLTC II"]
[BlackTeam "Haladas II"]
[WhiteTeamCountry "HUN"]
[BlackTeamCountry "HUN"]

1. e4 e5 2. Nf3 Nc6 3. d4 exd4 4. Nxd4 Bc5 5. Be3 Qf6 6. c3 Nge7 7. Bc4 b6 8. 0-0 Bb7 9. f4 Qg6 10. Nd2 0-0-0 11. Qe2 f6 12. Bd3 Rhe8 13. Rf2 Bxd4 14. cxd4 Nb4 15. Bb1 Ba6 16. Qf3 Kb8 17. f5 Qf7 18. Bf4 d5 19. e5 g6 20. Qc3 Nbc6 21. fxg6 Qe6 22. exf6 Nxg6 23. Bxg6 hxg6 24. f7 Rh8 25. Rc1 Bb7 26. Nf3 Qe4 27. Ng5 Qe7 28. Re1 Qd7 29. Ne6 Rc8 30. f8Q Rhxf8 31. Nxf8 Rxf8 32. Bxc7+ 1-0

[Event "HUN-chT 1011"]
[Site "Hungary"]
[Date "2011.02.20"]
[Round "6"]
[White "Izso, Daniel"]
[Black "Gledura, Benjamin"]
[Result "1/2-1/2"]
[WhiteElo "2282"]
[BlackElo "2180"]
[PlyCount "73"]
[EventDate "2010.10.10"]
[EventType "team-tourn"]
[EventRounds "11"]
[EventCountry "HUN"]
[SourceTitle "EXT 2012"]
[Source "ChessBase"]
[SourceDate "2011.11.24"]
[SourceVersion "1"]
[SourceVersionDate "2011.11.24"]
[SourceQuality "1"]
[WhiteTeam "MLTC"]
[BlackTeam "Honved"]
[WhiteTeamCountry "HUN"]
[BlackTeamCountry "HUN"]

1. e4 c6 2. d4 d5 3. exd5 cxd5 4. Bd3 Nc6 5. c3 g6 6. Bf4 Bg7 7. Nf3 Bg4 8. Nbd2 Nf6 9. h3 Bxf3 10. Nxf3 0-0 11. 0-0 a6 12. a4 Rc8 13. Re1 Na5 14. Ne5 Nc4 15. Qe2 Nd6 16. Ng4 Re8 17. Nxf6+ Bxf6 18. Qf3 Nc4 19. Re2 e6 20. g3 Kg7 21. h4 h5 22. Kg2 Qd7 23. Rh1 e5 24. dxe5 Nxe5 25. Bxe5 Rxe5 26. Rxe5 Bxe5 27. Re1 Re8 28. Bc2 b5 29. Bb3 d4 30. cxd4 Bxd4 31. Rd1 Rd8 32. axb5 axb5 33. Qe4 b4 34. Bc4 Qg4 35. Qxg4 hxg4 36. b3 Bf6 37. Rxd8 1/2-1/2

[Event "Budapest FS05 IM-A"]
[Site "Budapest"]
[Date "2010.05.07"]
[Round "7"]
[White "Nguyen Thi Mai, Hung"]
[Black "Izso, Daniel"]
[Result "1/2-1/2"]
[WhiteElo "2286"]
[BlackElo "2262"]
[PlyCount "142"]
[EventDate "2010.05.01"]
[EventType "tourn"]
[EventRounds "11"]
[EventCountry "HUN"]
[EventCategory "1"]
[SourceTitle "CBM 136 Extra"]
[Source "ChessBase"]
[SourceDate "2010.07.02"]
[SourceVersion "2"]
[SourceVersionDate "2010.07.15"]
[SourceQuality "1"]

1. d4 Nf6 2. Bf4 g6 3. e3 Bg7 4. Nf3 d6 5. h3 0-0 6. Be2 c5 7. c3 Be6 8. 0-0 Qb6 9. Qc1 Nc6 10. Nbd2 cxd4 11. exd4 Rac8 12. Re1 a6 13. Bh2 Nd7 14. Qb1 Bf5 15. Nc4 Qc7 16. Qd1 Nf6 17. Bf1 b5 18. Ne3 Bd7 19. a4 Qb6 20. axb5 axb5 21. d5 Na5 22. Qd4 Qc7 23. Qb4 Ra8 24. Nd4 Nc4 25. Nxc4 Rxa1 26. Rxa1 bxc4 27. Qxc4 Qb7 28. Qa2 Nxd5 29. Ba6 Qa8 30. Bc4 Qxa2 31. Rxa2 Nb6 32. Bd3 Bxd4 33. cxd4 Rb8 34. Ra7 Kf8 35. Bf4 Ke8 36. Be4 Na4 37. b4 Nc3 38. Bf3 Nb5 39. Rb7 Rxb7 40. Bxb7 Nxd4 41. Be3 Nc2 42. Bd2 Bb5 43. Bc3 Kd7 44. f4 e6 45. Be4 Ne3 46. Bd4 Nc4 47. Kf2 Kc7 48. h4 Nb6 49. Bc3 h5 50. g3 f5 51. Bf3 Bc6 52. Be2 Nd5 53. Be1 Kb6 54. Bc4 Nc7 55. Ke3 Bd5 56. Be2 Ne8 57. Bc3 Bb3 58. Be1 Nf6 59. Kd4 Nd7 60. Kc3 Bd5 61. Kd4 Nb8 62. Bf2 Nc6+ 63. Kc3+ Kc7 64. Bb5 e5 65. Be3 Bf7 66. Bxc6 Kxc6 67. fxe5 dxe5 68. Bg5 Kd5 69. Kd3 Be8 70. Ke3 Bb5 71. Bd8 Bf1 1/2-1/2

[Event "Budapest FS05 IM-A"]
[Site "Budapest"]
[Date "2010.05.04"]
[Round "4"]
[White "Izso, Daniel"]
[Black "Turzo, Attila"]
[Result "1/2-1/2"]
[WhiteElo "2262"]
[BlackElo "2296"]
[PlyCount "113"]
[EventDate "2010.05.01"]
[EventType "tourn"]
[EventRounds "11"]
[EventCountry "HUN"]
[EventCategory "1"]
[SourceTitle "CBM 136 Extra"]
[Source "ChessBase"]
[SourceDate "2010.07.02"]
[SourceVersion "2"]
[SourceVersionDate "2010.07.15"]
[SourceQuality "1"]

1. e4 c5 2. Nf3 g6 3. d4 cxd4 4. Nxd4 Nc6 5. c4 Nf6 6. Nc3 d6 7. Be2 Nxd4 8. Qxd4 Bg7 9. Be3 0-0 10. Qd2 Be6 11. Rc1 Qa5 12. f3 Rfc8 13. b3 a6 14. Na4 Qxd2+ 15. Kxd2 Nd7 16. g4 f5 17. exf5 gxf5 18. h3 Rab8 19. Nc3 Kf8 20. Rhg1 Ne5 21. f4 Nc6 22. Bd3 Nd4 23. Rg3 Bd7 24. Ne2 Nxe2 25. Kxe2 b5 26. gxf5 bxc4 27. Bxc4 Bb5 28. Kd3 Bxc4+ 29. bxc4 Bf6 30. Bd4 Kf7 31. Re3 Bxd4 32. Kxd4 Rc5 33. Rce1 Rb7 34. Re5 Rbc7 35. Rxc5 Rxc5 36. Re5 dxe5+ 37. Kxc5 exf4 38. Kd4 Kf6 39. Ke4 f3 40. Kxf3 Kxf5 41. Ke3 Ke5 42. h4 h5 43. c5 Kd5 44. Kf4 Kxc5 45. Kg5 e5 46. Kxh5 e4 47. Kg4 Kc4 48. h5 e3 49. h6 e2 50. h7 e1Q 51. h8Q Kb5 52. Qb8+ Ka5 53. Qc7+ Ka4 54. Qc6+ Ka5 55. Qc5+ Ka4 56. Qc6+ Ka5 57. Qc5+ 1/2-1/2

[Event "Budapest FS05 IM-A"]
[Site "Budapest"]
[Date "2010.05.02"]
[Round "2"]
[White "Izso, Daniel"]
[Black "Lengyel, Bela"]
[Result "1-0"]
[WhiteElo "2262"]
[BlackElo "2266"]
[PlyCount "29"]
[EventDate "2010.05.01"]
[EventType "tourn"]
[EventRounds "11"]
[EventCountry "HUN"]
[EventCategory "1"]
[SourceTitle "CBM 136 Extra"]
[Source "ChessBase"]
[SourceDate "2010.07.02"]
[SourceVersion "2"]
[SourceVersionDate "2010.07.15"]
[SourceQuality "1"]

1. e4 e5 2. Nf3 Nc6 3. d4 exd4 4. Nxd4 Bc5 5. Be3 Qf6 6. c3 Nge7 7. Bc4 Ne5 8. Be2 d6 9. 0-0 Qg6 10. Kh1 Ng4 11. Bf4 Qf6 12. Qd2 Ng6 13. Bg5 Nxf2+ 14. Rxf2 Qxf2 15. Bb5+ 1-0